<?xml version="1.0" encoding="UTF-8"?><?xml-stylesheet type="text/xsl" href="static/style.xsl"?><OAI-PMH xmlns="http://www.openarchives.org/OAI/2.0/" xmlns:xsi="http://www.w3.org/2001/XMLSchema-instance" xsi:schemaLocation="http://www.openarchives.org/OAI/2.0/ http://www.openarchives.org/OAI/2.0/OAI-PMH.xsd"><responseDate>2026-04-13T14:22:16Z</responseDate><request verb="GetRecord" identifier="oai:www.recercat.cat:10230/34438" metadataPrefix="marc">https://recercat.cat/oai/request</request><GetRecord><record><header><identifier>oai:recercat.cat:10230/34438</identifier><datestamp>2025-12-22T20:19:08Z</datestamp><setSpec>com_2072_6</setSpec><setSpec>col_2072_452954</setSpec></header><metadata><record xmlns="http://www.loc.gov/MARC21/slim" xmlns:dcterms="http://purl.org/dc/terms/" xmlns:xsi="http://www.w3.org/2001/XMLSchema-instance" xmlns:doc="http://www.lyncode.com/xoai" xsi:schemaLocation="http://www.loc.gov/MARC21/slim http://www.loc.gov/standards/marcxml/schema/MARC21slim.xsd">
   <leader>00925njm 22002777a 4500</leader>
   <datafield ind2=" " ind1=" " tag="042">
      <subfield code="a">dc</subfield>
   </datafield>
   <datafield ind2=" " ind1=" " tag="720">
      <subfield code="a">Varela Rodríguez, Antón</subfield>
      <subfield code="e">author</subfield>
   </datafield>
   <datafield ind2=" " ind1=" " tag="260">
      <subfield code="c">2018-04-24T17:46:54Z</subfield>
   </datafield>
   <datafield ind2=" " ind1=" " tag="260">
      <subfield code="c">2018-04-24T17:46:54Z</subfield>
   </datafield>
   <datafield ind2=" " ind1=" " tag="260">
      <subfield code="c">2017</subfield>
   </datafield>
   <datafield ind2=" " ind1=" " tag="520">
      <subfield code="a">Tutor: Sergi Sámchez Martí</subfield>
   </datafield>
   <datafield ind2=" " ind1=" " tag="520">
      <subfield code="a">Treball de l&amp;apos;assignatura: Tendències del Cinema Digital, de segon trimestre del màster en Estudis de Cinema i Audiovisual Contemporanis. Curs 2016-2017</subfield>
   </datafield>
   <datafield ind2=" " ind1=" " tag="520">
      <subfield code="a">Tomando como punto de partida la secuencia de Holy&#xd;
Motors (Leos Carax, 2012) en la que un travelling recorre el cementerio de&#xd;
Père Lachaise hasta que la imagen se desintegra en un glitch, tratamos de&#xd;
analizar el uso y los significados posibles de este efecto y la técnica del&#xd;
datamoshing.</subfield>
   </datafield>
   <datafield ind2=" " ind1=" " tag="520">
      <subfield code="a">Taking as a point of departure the sequence from Holy Motors (Leos&#xd;
Carax, 2012) in which a travelling tours through the Père Lachaise cemetery&#xd;
until the image disintegrates into a glitch, we will attempt to analyze the use and&#xd;
possible meanings of this effect and the datamoshing technique.</subfield>
   </datafield>
   <datafield tag="653" ind2=" " ind1=" ">
      <subfield code="a">Holy motors (Pel·lícula cinematogràfica) -- Crítica i interpretació</subfield>
   </datafield>
   <datafield tag="653" ind2=" " ind1=" ">
      <subfield code="a">Cinematografia digital</subfield>
   </datafield>
   <datafield ind2="0" ind1="0" tag="245">
      <subfield code="a">‘Mind the glitch’, paseo nocturno por la imagen digital a través Holy Motors</subfield>
   </datafield>
</record></metadata></record></GetRecord></OAI-PMH>